01773nam a2200289 a 450000100100000000500170001000800410002704000250006808200210009310000300011424500800014426000360022430000210026049000430028150400310032465100590035565100750041465000530048983000500054291000390059295201340063195202070076595201340097295201770110695201830128399900170146600002690620240408175713.0110328s1981 dr 000 0 spa d aDO-SdBNPbspacBNPHU a972.93697bC744c1 aConcepción, Mario9217813aLa Concepción de la Vega :brelación histórica /cMario Concepción. aSanto Domingo :bTaller,c1981. a279 p. ;c24 cm.1 aSociedad dominicana de geografíav16 aBibliografía: p. 231-238 0a Concepción de la Vega (Republica Dominicana )92180 4aLa Vega (República Dominicana{Rpara}xVida Social Y Costumbres98244 4aCiudades y pueblosxRepública dominicana91095 0aSociedad dominicana de geografíav16931910 aValidado. Control de calidad BNPHU 001054708DSaGRbGRcHDd2011-04-19iLF1l0o972.93697 C744cp26906-30r2020-06-25te. 3w2020-06-25yLFDSZPréstamo en sala 001054708DSaGRbGRcHDd2011-05-06iLF1l0o972.93697 C744cp26906-40r2020-06-25te. 4w2020-06-25yLFDSzPerteneció a la biblioteca personal de Juan Isidro Jimenes Grullón.ZPréstamo en sala 001054708DSaGRbGRcHDd2013-06-28iLF1l0o972.93697 C744cp26906-50r2020-06-25te. 5w2020-06-25yLFDSZPréstamo en sala 0010718PDaPDbPDcHDd2011-03-28iLF1l0o972.93697 C744cp26906-10r2020-06-25w2020-06-25yLFPDzAutobiografiado por el autor para la Biblioteca NacionalZNo se presta 0010718PDaPDbPDcHDd2011-04-01iLF1l0o972.93697 C744cp26906-20r2020-06-25te. 2w2020-06-25yLFPDzAutobiografiado por el autor para la Biblioteca NacionalZNo se presta c26398d26398